Geography Quiz

Random Geography or Flags Quiz

Flag Selection: Oceania Quiz Stats

 Plays Quiz Updated Jun 17, 2018

Score 0/14 Timer 03:00
11 Plays Today
% Correct
New
Zealand
94.4%
Tuvalu
92.5%
Australia
88.9%
Fiji
85.5%
Kiribati
78.4%
Papua
New Guinea
73.7%
Micronesia
73.1%
% Correct
Marshall
Islands
71.8%
Nauru
68.8%
Samoa
68.7%
Palau
65.4%
Solomon
Islands
62.6%
Vanuatu
52.7%
Tonga
50.5%

You're not logged in!

Compare scores with friends on all Sporcle quizzes.
OR
Log In

Sporcle TV

Today on Sporcle TV


Watch our educational content, quiz creation guides, and fun videos on Sporcle TV.

Show Comments

Extras

Top Quizzes Today


Score Distribution

Your Account Isn't Verified!

In order to create a playlist on Sporcle, you need to verify the email address you used during registration. Go to your Sporcle Settings to finish the process.

Report this User

Report this user for behavior that violates our Community Guidelines.

Details: